[Event "IPCA Wch 17th"]
[Site "Ruzomberok"]
[Date "2017.05.30"]
[Round "3"]
[White "Sekac, Martin"]
[Black "Jacko, Vladimir"]
[Result "1-0"]
[WhiteElo "1928"]
[BlackElo "2067"]
[PlyCount "77"]
[EventDate "2017.05.28"]
[EventType "swiss"]
[EventRounds "9"]
[EventCountry "SVK"]
[SourceTitle "EXT 2018"]
[Source "ChessBase"]
[SourceDate "2017.10.13"]
[SourceVersion "1"]
[SourceVersionDate "2017.10.13"]
[SourceQuality "1"]

1. e4 c5 2. Nf3 Nc6 3. d4 cxd4 4. Nxd4 e6 5. Nc3 a6 6. Nxc6 bxc6 7. Bd3 d5 8. exd5 cxd5 9. 0-0 Nf6 10. b3 Be7 11. Bb2 0-0 12. Ne2 Qc7 13. Ng3 e5 14. Bf5 g6 15. Bxc8 Rfxc8 16. Rc1 h5 17. Re1 d4 18. c3 d3 19. Qxd3 Rd8 20. Qe2 Bc5 21. Rc2 Qa7 22. Ne4 Nxe4 23. Qxe4 Rd6 24. b4 Bb6 25. c4 Bd4 26. Bxd4 exd4 27. Qd3 Qd7 28. Rce2 Qf5 29. Qxf5 gxf5 30. Re8+ Rxe8 31. Rxe8+ Kg7 32. Kf1 d3 33. Ke1 Rd4 34. Rc8 Re4+ 35. Kd2 Re2+ 36. Kxd3 Rxf2 37. c5 Rxa2 38. c6 Ra1 39. Ra8 1-0

[Event "IPCA Wch 17th"]
[Site "Ruzomberok"]
[Date "2017.05.28"]
[Round "1"]
[White "Yarmonov, Igor"]
[Black "Sekac, Martin"]
[Result "1-0"]
[WhiteElo "2394"]
[BlackElo "1928"]
[PlyCount "95"]
[EventDate "2017.05.28"]
[EventType "swiss"]
[EventRounds "9"]
[EventCountry "SVK"]
[SourceTitle "EXT 2018"]
[Source "ChessBase"]
[SourceDate "2017.10.13"]
[SourceVersion "1"]
[SourceVersionDate "2017.10.13"]
[SourceQuality "1"]

1. d4 d5 2. Nf3 Nf6 3. Bf4 Bf5 4. e3 e6 5. Bd3 Bg6 6. Qe2 Bd6 7. Nbd2 Bxf4 8. exf4 Bxd3 9. Qxd3 Qd7 10. 0-0 0-0 11. Rae1 Na6 12. c3 c5 13. Re3 cxd4 14. Qxd4 Qc7 15. Ne5 Nc5 16. Rd1 b6 17. Nf1 Nce4 18. Ng3 Qc5 19. Qd3 Nxg3 20. hxg3 h5 21. Qe2 Rfd8 22. Rd4 g6 23. g4 Nxg4 24. Nxg4 hxg4 25. Qxg4 Kg7 26. Qg5 Rh8 27. Qe5+ Kg8 28. f5 exf5 29. Rxd5 Qf8 30. Qf6 Qh6 31. Rd8+ Rxd8 32. Qxd8+ Kg7 33. Qd4+ Kf8 34. Kf1 Qh1+ 35. Ke2 Rh4 36. Qd6+ Kg7 37. Qe5+ Kg8 38. Qb8+ Kg7 39. Re8 Re4+ 40. Rxe4 fxe4 41. Qxa7 Qb1 42. Qxb6 Qc2+ 43. Ke3 Qd3+ 44. Kf4 Qd2+ 45. Kxe4 f5+ 46. Ke5 Qe2+ 47. Kd6 Qd3+ 48. Qd4+ 1-0

[Event "CZE-chT2F 1415"]
[Site "Czech Republic"]
[Date "2015.04.19"]
[Round "11.37"]
[White "Sekac, Martin"]
[Black "Kovar, Oldrich"]
[Result "1/2-1/2"]
[WhiteElo "2023"]
[BlackElo "2014"]
[PlyCount "25"]
[EventDate "2014.11.02"]
[EventType "team-tourn"]
[EventRounds "11"]
[EventCountry "CZE"]
[SourceTitle "EXT 2022"]
[Source "ChessBase"]
[SourceDate "2021.10.06"]
[SourceVersion "1"]
[SourceVersionDate "2021.10.06"]
[SourceQuality "1"]
[WhiteTeam "Havirov Banik"]
[BlackTeam "Ostrava Labortech II"]
[WhiteTeamCountry "CZE"]
[BlackTeamCountry "CZE"]

1. e4 e6 2. d4 d5 3. Nd2 Nf6 4. e5 Nfd7 5. Bd3 c5 6. c3 Nc6 7. Ne2 Qb6 8. Nf3 cxd4 9. cxd4 Bb4+ 10. Bd2 h6 11. Rc1 g5 12. h3 Be7 13. b3 1/2-1/2

[Event "Karvina op"]
[Site "Karvina"]
[Date "2014.07.05"]
[Round "8"]
[White "Kraus, Frantisek"]
[Black "Sekac, Martin"]
[Result "1-0"]
[WhiteElo "2012"]
[BlackElo "2033"]
[PlyCount "79"]
[EventDate "2014.06.28"]
[EventType "swiss"]
[EventRounds "9"]
[EventCountry "CZE"]
[SourceTitle "CBM 161 Extra"]
[Source "ChessBase"]
[SourceDate "2014.08.29"]
[SourceVersion "1"]
[SourceVersionDate "2014.08.29"]
[SourceQuality "1"]

1. e4 c5 2. Nf3 e6 3. d4 cxd4 4. Nxd4 a6 5. Nc3 Qc7 6. f4 Bc5 7. Be3 Ne7 8. Qd2 Nbc6 9. Nxe6 dxe6 10. Bxc5 0-0 11. Bd3 Ne5 12. Bxe7 Nxd3+ 13. cxd3 Qxe7 14. 0-0 e5 15. f5 f6 16. Rac1 Bd7 17. Nd5 Qd6 18. Rc7 Bc6 19. Qb4 Rfd8 20. Ne7+ Kf8 21. Nxc6 bxc6 22. Qxd6+ Rxd6 23. Rc1 Rxd3 24. R1xc6 Rd1+ 25. Kf2 Rd2+ 26. Kg3 Rxb2 27. Rd6 Re2 28. Kf3 Rxa2 29. Rdd7 Rb8 30. Kg3 Re2 31. Rf7+ Kg8 32. Rxg7+ Kh8 33. Rxh7+ Kg8 34. Rcg7+ Kf8 35. Kh4 Rbb2 36. Ra7 Kg8 37. Rhc7 Rb8 38. Rg7+ Kh8 39. Kh5 Rxe4 40. g4 1-0

[Event "Karvina op"]
[Site "Karvina"]
[Date "2014.07.03"]
[Round "6"]
[White "Koci, Tomas"]
[Black "Sekac, Martin"]
[Result "0-1"]
[WhiteElo "1708"]
[BlackElo "2033"]
[PlyCount "82"]
[EventDate "2014.06.28"]
[EventType "swiss"]
[EventRounds "9"]
[EventCountry "CZE"]
[SourceTitle "CBM 161 Extra"]
[Source "ChessBase"]
[SourceDate "2014.08.29"]
[SourceVersion "1"]
[SourceVersionDate "2014.08.29"]
[SourceQuality "1"]

1. e4 c5 2. c3 d5 3. exd5 Qxd5 4. d4 Nc6 5. Nf3 g6 6. Be3 cxd4 7. cxd4 Bg7 8. Nc3 Qd8 9. h3 e6 10. Be2 Nge7 11. Qd2 0-0 12. 0-0 Nf5 13. Rad1 Nce7 14. Bc4 Nd5 15. Bxd5 exd5 16. Rfe1 h6 17. Bf4 Be6 18. Nb5 Bd7 19. Nc7 Rc8 20. Nxd5 Ba4 21. b3 Bxb3 22. axb3 Qxd5 23. Qd3 Rc6 24. Be3 Rfc8 25. Qd2 Rc3 26. b4 Rc2 27. Qd3 R8c3 28. Qf1 Rb3 29. Ra1 Nxd4 30. Nxd4 Bxd4 31. Red1 Rc4 32. Rxa7 Rbxb4 33. Qd3 Qc5 34. Bxd4 Rxd4 35. Ra8+ Kg7 36. Qf3 Rxd1+ 37. Qxd1 Qd4 38. Qf3 Rb1+ 39. Kh2 Qe5+ 40. g3 Qe1 41. Qg2 Rb2 0-1

[Event "Karvina op"]
[Site "Karvina"]
[Date "2014.07.01"]
[Round "4"]
[White "Krampol, Vladimir"]
[Black "Sekac, Martin"]
[Result "1-0"]
[WhiteElo "1878"]
[BlackElo "2033"]
[PlyCount "53"]
[EventDate "2014.06.28"]
[EventType "swiss"]
[EventRounds "9"]
[EventCountry "CZE"]
[SourceTitle "CBM 161 Extra"]
[Source "ChessBase"]
[SourceDate "2014.08.29"]
[SourceVersion "1"]
[SourceVersionDate "2014.08.29"]
[SourceQuality "1"]

1. Nf3 e6 2. d4 Nf6 3. c4 Bb4+ 4. Bd2 Qe7 5. a3 Bxd2+ 6. Nbxd2 d5 7. e3 0-0 8. Rc1 Nbd7 9. cxd5 Nb6 10. dxe6 Bxe6 11. Bd3 c6 12. 0-0 Rad8 13. Ng5 Bc8 14. Qc2 h6 15. Ngf3 Rd5 16. Ne5 Ng4 17. Ndf3 Rd6 18. h3 Nxe5 19. Nxe5 Nd5 20. Qa4 Re8 21. Qxa7 Qg5 22. f4 Qh4 23. Rf3 Nxe3 24. Rxe3 Qxf4 25. Rce1 Rf6 26. Ng4 Rxe3 27. Rxe3 1-0

[Event "Karvina op"]
[Site "Karvina"]
[Date "2014.06.30"]
[Round "3"]
[White "Sekac, Martin"]
[Black "Kozelsky, Marek"]
[Result "1/2-1/2"]
[WhiteElo "2033"]
[BlackElo "1899"]
[PlyCount "49"]
[EventDate "2014.06.28"]
[EventType "swiss"]
[EventRounds "9"]
[EventCountry "CZE"]
[SourceTitle "CBM 161 Extra"]
[Source "ChessBase"]
[SourceDate "2014.08.29"]
[SourceVersion "1"]
[SourceVersionDate "2014.08.29"]
[SourceQuality "1"]

1. e4 e6 2. d4 d5 3. Nd2 dxe4 4. Nxe4 Nd7 5. Nf3 Ngf6 6. Nxf6+ Nxf6 7. Be2 c5 8. 0-0 Qc7 9. b3 Be7 10. dxc5 Qxc5 11. Be3 Qc7 12. Bd4 0-0 13. Be5 Qc5 14. c4 b6 15. Qc2 Bb7 16. Qb2 Rfd8 17. Rad1 Ne8 18. Rfe1 a5 19. Bc3 f6 20. Nd4 Nc7 21. Bf3 Bxf3 22. Nxf3 e5 23. Qc2 Qc6 24. h3 Rac8 25. Re2 1/2-1/2

[Event "CZE-chT2F 1314"]
[Site "Czech Republic"]
[Date "2014.03.23"]
[Round "10.18"]
[White "Ovesny, Radim"]
[Black "Sekac, Martin"]
[Result "1/2-1/2"]
[WhiteElo "2008"]
[BlackElo "2050"]
[PlyCount "41"]
[EventDate "2013.11.03"]
[EventType "team-tourn"]
[EventRounds "11"]
[EventCountry "CZE"]
[SourceTitle "EXT 2016"]
[Source "ChessBase"]
[SourceDate "2015.10.08"]
[SourceVersion "1"]
[SourceVersionDate "2015.10.08"]
[SourceQuality "1"]
[WhiteTeam "Havirov Slovan"]
[BlackTeam "Havirov Banik"]
[WhiteTeamCountry "CZE"]
[BlackTeamCountry "CZE"]

1. e4 c5 2. Nf3 e6 3. d4 cxd4 4. Nxd4 a6 5. Nc3 Qc7 6. Be2 Nf6 7. Qd3 Nc6 8. Nxc6 dxc6 9. Be3 e5 10. 0-0 Be6 11. Rad1 Be7 12. Bc1 0-0 13. a3 Rfd8 14. Qg3 Rxd1 15. Rxd1 Rd8 16. Rxd8+ Bxd8 17. Qd3 Qd7 18. Qxd7 Nxd7 19. Be3 Bb6 20. Bxb6 Nxb6 21. b4 1/2-1/2

[Event "IPCA Wch-A 13th"]
[Site "Velke Losiny"]
[Date "2013.06.22"]
[Round "6"]
[White "Strnad, Pavel"]
[Black "Sekac, Martin"]
[Result "0-1"]
[WhiteElo "1863"]
[BlackElo "2090"]
[PlyCount "60"]
[EventDate "2013.06.18"]
[EventType "swiss"]
[EventRounds "9"]
[EventCountry "CZE"]
[SourceTitle "CBM 155 Extra"]
[Source "ChessBase"]
[SourceDate "2013.08.26"]
[SourceVersion "1"]
[SourceVersionDate "2013.08.26"]
[SourceQuality "1"]

1. e4 c5 2. Nf3 e6 3. d4 cxd4 4. Nxd4 a6 5. Nc3 Qc7 6. Be2 Nf6 7. a3 Nc6 8. Be3 Ne5 9. 0-0 b5 10. f4 Nc4 11. Bc1 Bb7 12. e5 Nd5 13. Nxd5 Bxd5 14. Kh1 Bc5 15. b3 Nb6 16. Bb2 0-0 17. Bd3 g6 18. Qg4 Rfc8 19. Rae1 Kh8 20. Re3 Rg8 21. Rh3 Rg7 22. Nf3 Bxf3 23. Rfxf3 Nd5 24. Rh6 Ne7 25. Rfh3 Ng8 26. Rxg6 fxg6 27. Rxh7+ Kxh7 28. Qh5+ Nh6 29. Bc1 Ba7 30. Qh4 Qc5 0-1

[Event "IPCA Wch-A 13th"]
[Site "Velke Losiny"]
[Date "2013.06.19"]
[Round "2"]
[White "Jennitha, Anto K"]
[Black "Sekac, Martin"]
[Result "1-0"]
[WhiteElo "1945"]
[BlackElo "2090"]
[PlyCount "93"]
[EventDate "2013.06.18"]
[EventType "swiss"]
[EventRounds "9"]
[EventCountry "CZE"]
[SourceTitle "CBM 155 Extra"]
[Source "ChessBase"]
[SourceDate "2013.08.26"]
[SourceVersion "1"]
[SourceVersionDate "2013.08.26"]
[SourceQuality "1"]

1. e4 c5 2. Nf3 e6 3. d4 cxd4 4. Nxd4 a6 5. Nc3 Qc7 6. Bd3 Nf6 7. 0-0 Nc6 8. Be3 Ne5 9. h3 Bc5 10. Qe2 d6 11. Nb3 Bxe3 12. Qxe3 b5 13. f4 Nxd3 14. cxd3 0-0 15. Rac1 Qb7 16. Na5 Qa7 17. Qxa7 Rxa7 18. b4 Bd7 19. e5 dxe5 20. fxe5 Nd5 21. Nxd5 exd5 22. d4 f6 23. exf6 Rxf6 24. Rxf6 gxf6 25. Rc5 Kf7 26. a3 Ke6 27. Kf2 Kd6 28. Nb3 Bf5 29. Na5 Rc7 30. Rxc7 Kxc7 31. Nb3 Kb6 32. Ke3 Bc2 33. Nc5 Bf5 34. Kf4 Bc8 35. g4 a5 36. h4 axb4 37. axb4 h6 38. Nd3 Kc6 39. Nf2 Be6 40. Nd1 Kd7 41. Ne3 Bf7 42. h5 Ke6 43. Nf5 Bg8 44. Nxh6 Bh7 45. g5 fxg5+ 46. Kxg5 Bc2 47. Nf5 1-0

[Event "IPCA Wch-A 13th"]
[Site "Velke Losiny"]
[Date "2013.06.18"]
[Round "1"]
[White "Sekac, Martin"]
[Black "Tocklin, Tomi"]
[Result "1-0"]
[WhiteElo "2090"]
[BlackElo "1802"]
[PlyCount "77"]
[EventDate "2013.06.18"]
[EventType "swiss"]
[EventRounds "9"]
[EventCountry "CZE"]
[SourceTitle "CBM 155 Extra"]
[Source "ChessBase"]
[SourceDate "2013.08.26"]
[SourceVersion "1"]
[SourceVersionDate "2013.08.26"]
[SourceQuality "1"]

1. e4 c6 2. d4 d5 3. Nd2 dxe4 4. Nxe4 Nf6 5. Nxf6+ gxf6 6. Nf3 Bf5 7. Nh4 Bg6 8. g3 e6 9. Bg2 Bd6 10. 0-0 Qc7 11. c4 c5 12. d5 e5 13. Qf3 Nd7 14. Bh3 Qd8 15. Nf5 Bxf5 16. Qxf5 h5 17. Kg2 Qe7 18. Be3 0-0-0 19. b4 Kb8 20. a3 b6 21. b5 e4 22. a4 Kb7 23. a5 Qe5 24. Ra2 Qxf5 25. Bxf5 Rhe8 26. Rfa1 Be5 27. Rc1 Bc7 28. axb6 Bxb6 29. Re2 Re5 30. Bh3 Bc7 31. Bf4 Ree8 32. d6 Bb8 33. Bf5 Ne5 34. Bxe4+ Kb6 35. Bd5 Bxd6 36. Ra2 Nd3 37. Ra6+ Kc7 38. Bxd6+ Rxd6 39. Rxa7+ 1-0

[Event "CZE-chT2F 1112"]
[Site "Czech Republic"]
[Date "2012.03.25"]
[Round "10.14"]
[White "Szotkowski, Jakub"]
[Black "Sekac, Martin"]
[Result "1-0"]
[WhiteElo "2008"]
[BlackElo "2087"]
[PlyCount "149"]
[EventDate "2011.10.09"]
[EventType "team-tourn"]
[EventRounds "11"]
[EventCountry "CZE"]
[SourceTitle "EXT 2013"]
[Source "ChessBase"]
[SourceDate "2012.11.22"]
[SourceVersion "1"]
[SourceVersionDate "2012.11.22"]
[SourceQuality "1"]
[WhiteTeam "Havirov Slovan"]
[BlackTeam "Havirov II"]
[WhiteTeamCountry "CZE"]
[BlackTeamCountry "CZE"]

1. d4 Nf6 2. Nf3 e6 3. c4 b6 4. g3 Ba6 5. Nbd2 d5 6. Bg2 Be7 7. Ne5 0-0 8. 0-0 c6 9. b3 Nfd7 10. Bb2 Nxe5 11. dxe5 Nd7 12. Rc1 Rc8 13. Qc2 dxc4 14. Nxc4 Qc7 15. Qe4 Nc5 16. Qe3 Rfd8 17. h4 Rd7 18. Ba3 Qd8 19. Nd6 Bxd6 20. exd6 Bb5 21. Bxc5 bxc5 22. a4 Ba6 23. Rxc5 Rxd6 24. Bf3 Qb6 25. Rfc1 Bb7 26. Qc3 h6 27. b4 Rcd8 28. a5 Qa6 29. Kg2 Ba8 30. Rc2 Kf8 31. Qa3 Kg8 32. Qc3 Rb8 33. Qe5 Rbd8 34. R2c4 f6 35. Qe3 Kf7 36. Kh2 e5 37. Qb3 Kf8 38. Qc3 Rb8 39. Qa3 Kg8 40. Qc3 Rf8 41. Qc2 Rc8 42. Qg6 Rd4 43. Rxd4 exd4 44. Be4 Qxe2 45. Qh7+ Kf7 46. Bg6+ Ke6 47. Rc2 Qe5 48. Bf5+ Qxf5 49. Re2+ Qe5 50. Rxe5+ fxe5 51. Qxg7 Rd8 52. Qxh6+ Kd5 53. Qg5 Re8 54. h5 c5 55. bxc5 Kc4 56. h6 Be4 57. Qc1+ Kb5 58. f4 Re6 59. f5 Bxf5 60. Qf1+ Kxc5 61. Qxf5 Rxh6+ 62. Kg2 Kd5 63. Kf3 Rh1 64. Qf7+ Kd6 65. Qxa7 Re1 66. Qb6+ Kd5 67. Qb5+ Ke6 68. Qc6+ Kf5 69. g4+ Kg5 70. Qd5 Re3+ 71. Kf2 Kf4 72. a6 Ra3 73. Qf7+ Kxg4 74. a7 e4 75. Qg8+ 1-0

[Event "CZE-chT2F 1112"]
[Site "Czech Republic"]
[Date "2012.03.04"]
[Round "9.14"]
[White "Sekac, Martin"]
[Black "Fargac, Martin"]
[Result "1/2-1/2"]
[WhiteElo "2087"]
[BlackElo "2099"]
[PlyCount "97"]
[EventDate "2011.10.09"]
[EventType "team-tourn"]
[EventRounds "11"]
[EventCountry "CZE"]
[SourceTitle "EXT 2013"]
[Source "ChessBase"]
[SourceDate "2012.11.22"]
[SourceVersion "1"]
[SourceVersionDate "2012.11.22"]
[SourceQuality "1"]
[WhiteTeam "Havirov II"]
[BlackTeam "Trinec II"]
[WhiteTeamCountry "CZE"]
[BlackTeamCountry "CZE"]

1. e4 e5 2. Nc3 Nc6 3. g3 Nf6 4. Bg2 Bb4 5. Nge2 d6 6. 0-0 h5 7. Nd5 Bg4 8. Nxb4 Nxb4 9. f3 Bd7 10. a3 Nc6 11. d4 h4 12. d5 Ne7 13. Rf2 hxg3 14. hxg3 Ng6 15. c4 Nh5 16. b4 Qe7 17. Be3 Qf8 18. Qd2 Qg8 19. Bf1 Rh7 20. Rh2 Qh8 21. Ra2 Ke7 22. Bg5+ Nf6 23. Nc3 a6 24. Nd1 b6 25. Ne3 a5 26. b5 Rg8 27. Qg2 Rxh2 28. Qxh2 Nf8 29. Qxh8 Rxh8 30. Rh2 Rxh2 31. Kxh2 N8h7 32. Bxf6+ Nxf6 33. Nd1 g6 34. Nf2 Nh7 35. Bh3 f5 36. Bg2 Kf6 37. Bh3 Ng5 38. Bg2 Bc8 39. Bh1 Bd7 40. Bg2 Ke7 41. g4 Kf6 42. Kg3 Be8 43. Bh1 Bf7 44. Bg2 Bg8 45. Bh1 Nh7 46. Bg2 Nf8 47. Kh4 Bh7 48. g5+ Kg7 49. Kg3 1/2-1/2

[Event "Havirov op 11th"]
[Site "Havirov"]
[Date "2010.08.22"]
[Round "2"]
[White "Sekac, Martin"]
[Black "Vesselovsky, Serguei"]
[Result "1/2-1/2"]
[WhiteElo "2101"]
[BlackElo "2353"]
[PlyCount "64"]
[EventDate "2010.08.21"]
[EventType "swiss"]
[EventRounds "9"]
[EventCountry "CZE"]
[SourceTitle "CBM 138 Extra"]
[Source "ChessBase"]
[SourceDate "2010.10.29"]
[SourceVersion "1"]
[SourceVersionDate "2010.10.29"]
[SourceQuality "1"]

1. e4 c5 2. Nf3 g6 3. d4 Bg7 4. Nc3 cxd4 5. Nxd4 Nc6 6. Be3 Nf6 7. Qd2 0-0 8. Be2 d5 9. exd5 Nb4 10. 0-0 Nbxd5 11. Nxd5 Nxd5 12. Bh6 Bxh6 13. Qxh6 Qb6 14. Nb3 a5 15. Bf3 Nf6 16. Qc1 Bg4 17. Bxg4 Nxg4 18. Qf4 Nf6 19. Qd4 Qc6 20. Qe3 Rfe8 21. c3 e5 22. Rfd1 a4 23. Nd2 a3 24. Rdb1 Nd5 25. Qf3 axb2 26. Rxb2 Qxc3 27. Qxc3 Nxc3 28. Rxb7 Red8 29. Rb2 f5 30. g3 e4 31. Nc4 Ra7 32. Rc2 Na4 1/2-1/2

[Event "CZE-chT2f 0607"]
[Site "Czech Republic"]
[Date "2006.11.19"]
[Round "3.8"]
[White "Sekac, Martin"]
[Black "Mikulec, Jiri"]
[Result "0-1"]
[WhiteElo "2089"]
[BlackElo "1985"]
[PlyCount "54"]
[EventDate "2006.10.14"]
[EventType "team"]
[EventRounds "11"]
[EventCountry "CZE"]
[SourceTitle "EXT 2009"]
[Source "ChessBase"]
[SourceDate "2008.11.26"]
[SourceVersion "1"]
[SourceVersionDate "2008.11.26"]
[SourceQuality "1"]

1. e4 e6 2. d4 d5 3. Nd2 Nf6 4. e5 Nfd7 5. c3 c5 6. Bd3 Qb6 7. Ne2 Nc6 8. Nf3 cxd4 9. cxd4 f6 10. exf6 Nxf6 11. 0-0 Bd6 12. a3 Bd7 13. Bf4 Qc7 14. Bxd6 Qxd6 15. Nc3 0-0 16. b4 e5 17. dxe5 Nxe5 18. Nxe5 Qxe5 19. Qb3 Rac8 20. Rac1 Kh8 21. Rc2 Ng4 22. g3 Qh5 23. h4 Ne5 24. Nxd5 Nf3+ 25. Kg2 Nxh4+ 26. gxh4 Qg4+ 27. Kh2 Rf3 0-1

[Event "Ostrava SME op"]
[Site "Ostrava"]
[Date "2005.05.04"]
[Round "5"]
[White "Simek, Jiri"]
[Black "Sekac, Martin"]
[Result "1/2-1/2"]
[WhiteElo "2209"]
[BlackElo "2124"]
[PlyCount "63"]
[EventDate "2005.04.30"]
[EventType "swiss"]
[EventRounds "9"]
[EventCountry "CZE"]
[SourceTitle "CBM 106 Extra"]
[Source "ChessBase"]
[SourceDate "2005.07.01"]
[SourceVersion "1"]
[SourceVersionDate "2005.07.01"]
[SourceQuality "1"]

1. e4 c5 2. Nf3 e6 3. d4 cxd4 4. Nxd4 a6 5. Nc3 Qc7 6. Be3 Nf6 7. a3 Nc6 8. Be2 Bd6 9. h3 0-0 10. 0-0 Bf4 11. Qd2 Nxd4 12. Qxd4 Bxe3 13. Qxe3 d6 14. Rad1 Bd7 15. f4 Bc6 16. Bf3 Rad8 17. Rf2 Rd7 18. Rfd2 Rfd8 19. g3 Qa5 20. Kf2 Qc5 21. Qxc5 dxc5 22. Rxd7 Rxd7 23. Rxd7 Nxd7 24. e5 Bxf3 25. Kxf3 f5 26. Ke3 Kf7 27. a4 b6 28. Kd3 Ke7 29. Kc4 Kd8 30. b4 Kc7 31. bxc5 Nxc5 32. Kd4 1/2-1/2